Normal view
MARC view
- Economic geography -- Maps
Entry Topical Term
001 - CONTROL NUMBER
- control field: 6095
003 - CONTROL NUMBER IDENTIFIER
- control field: JO-AjAnu
005 - DATE AND TIME OF LATEST TRANSACTION
- control field: 20230606071305.0
008 - FIXED-LENGTH DATA ELEMENTS
- fixed length control field: 230606|| aca||aabn | a|a d
040 ## - CATALOGING SOURCE
- Original cataloging agency: JO-AjAnu
- Transcribing agency: JO-AjAnu
150 ## - HEADING--TOPICAL TERM
- Topical term or geographic name entry element: Economic geography -- Maps
670 ## - SOURCE DATA FOUND
- Source citation: Work cat.: (JO-AjAnu)3160: PREPARED BY THE ECONOMIST INTELLIGENCE UNIT AND THE CAROGRAHIC DEPARTMENT OF THE CLARENDON PREES, author 6094, OXFORD ECONOMIC ATLAS OF THE WORLD